000 006390000a22001210004500
100 1 _aCerón, Jaime
245 1 0 _aLo que Turner no sabía : El premio Turner de arte
300 _aVol.0, núm.2 (Noviembre, 2005), Páginas 26-27
500 _aCurador y crítico de arte
520 _aEste 7 de diciembre se conocerá el ganador del premio más prestigioso de las artes británicas, el premio Turner. Polémico desde su creación en 1984, los críticos señalan que ha propiciado interesantes debates; la prensa en cambio, no se ha ahorrado la caricatura: ¿Es esto arte?
773 0 _tArcadia / Andrés Felipe Solano, Editor
942 _cANA
999 _c61720
_d61720